Borussia Dortmund Kader 22/23 (Stand: 13.07.22) - Statistiken

Allgemein
  • Dieses Quiz wurde 1.429 mal gespielt
  • Das Durchschnittsergebnis liegt bei 21 aus 34
Antwortstatistiken
Hint Antwort % Korrekt
TW Kobel
98%
ZOM Reus
96%
IV Hummels
95%
IV Schlotterbeck
94%
IV Süle
94%
ZM Bellingham
86%
ZOM Brandt
86%
ST Haller
86%
ZDM Can
85%
ST Adeyemi
83%
ST Moukoko
78%
LV Guerreiro
77%
RV Meunier
75%
TW Meyer
73%
ST Malen
72%
RM/RF Wolf
70%
ZOM Reyna
67%
ZM Özcan
66%
LV Schulz
63%
ZM Dahoud
61%
RM/RF Bynoe Gittens
57%
LM/LF Hazard
54%
RV Morey
51%
TW Unbehaun
49%
TW Lotka
48%
RV Passlack
48%
IV Coulibaly
45%
LV Rothe
45%
IV Akanji
38%
ZDM Kamara
26%
IV Papadopoulos
20%
ZOM Gürpüz
13%
RV Semic
12%
ST Fink
9%
Keine übereinstimmenden Quizze gefunden
Verteilung der Resultate
Anzahl Personen mit jedem Resultat
Perzentil nach korrekt beantworteten Fragen
Ihre Resultats-Entwicklung
Sie haben dieses Quiz noch nicht gespielt